Object-oriented design using Java / (رقم التسجيلة. 14301)

تفاصيل مارك
000 -الفاتح
حقل البيانات ثابتة الطول 00970pam a2200277 a 4500
001 - رقم الضبط
رقم الضبط 014524277
003 - محدد رقم الضبط
رقم الضبط Uk
005 - وقت وتاريخ اخر تعامل مع التسجيلة
رقم الضبط 20150408113918.0
008 - عناصر البيانات ثابتة الطول - معلومات عامة
حقل البيانات ثابتة الطول 080213s2009 nyua 001 0 eng d
015 ## - رقم الببليوجرافية الوطنية
رقم الببليوجرافية الوطنية GBA819502
المصدر bnb
020 ## - الرقم الدولى المعيارى للكتب
الرقم الدولى المعيارى للكتاب 9780071263870 (International ed. : pbk.) :
شروط الاتاحة £42.99
020 ## - الرقم الدولى المعيارى للكتب
الرقم الدولى المعيارى للكتاب 007126387X (International ed. : pbk.) :
شروط الاتاحة £42.99
040 ## - مصدر الفهرسة
وكالة الفهرسة الأصلية StDuBDS
لغة الفهرسة eng
وكالة النسخ StDuBDS
وكالة التعديل Uk
042 ## - رمز التحقق
رمز التحقق ukblcatcopy
082 04 - رقم تصنيف ديوى العشرى
رقم التصنيف 005.117
رقم الطبعة 22
رقم المادة SDO
100 1# - المدخل الرئيسى - إسم شخصى
الإسم الشخصى Skrien, Dale John.
9 (RLIN) 4164
245 10 - بيان العنوان
العنوان Object-oriented design using Java /
بيان المسئوليه,etc Dale Skrien.
260 ## - PUBLICATION, DISTRIBUTION, ETC. (IMPRINT)
مكان الناشر او الموزع New York :
اسم الناشر او الموزع McGraw-Hill Higher Education ;
مكان الناشر او الموزع London :
اسم الناشر او الموزع McGraw-Hill [distributor],
تاريخ النشر أو التوزيع 2009.
300 ## - الوصف المادى
التعداد xiv, 340 p. :
تفاصيل ماديه اخرى للوعاء ill. ;
أبعاد الوعاء 24 cm.
500 ## - تبصرة عامة
تبصرة عامة Includes index.
500 ## - تبصرة عامة
تبصرة عامة Formerly CIP.
الهيئة التي ينطبق عليها الحقل Uk
650 #0 - المدخل الاضافى بالموضوع-مصطلح موضوعى
مصطلح موضوعي أو اسم جغرافي كعنصر مدخل Object-oriented programming (Computer science)
9 (RLIN) 3959
650 #0 - المدخل الاضافى بالموضوع-مصطلح موضوعى
مصطلح موضوعي أو اسم جغرافي كعنصر مدخل Java (Computer program language)
9 (RLIN) 3299
942 ## - عناصر المدخل الإضافي( كوها)
مصدر التصنيف او مخطط الترفيف Dewey Decimal Classification
Koha [default] item type DVD
المقتنيات
حالة الفقد نموذج السعر الفعال حالة تلف ليس للاعارة رقم الطلب تاريخ الاكتساب الموقع الحالي الباركود الفرع الرئيسي Date last seen نوع المادة فى نظام كوها مصدر التصنيف او خطة الترفيف Total Checkouts
  2013-03-10     005.117 SDO 2011-09-10 قسم الاجراءات الفنية (IC) 00101514 قسم الاجراءات الفنية (IC) 2013-03-10 كتاب Dewey Decimal Classification  
  2013-03-10     005.117 SDO 2011-09-10 قسم الاجراءات الفنية (IC) 00101515 قسم الاجراءات الفنية (IC) 2013-03-10 كتاب Dewey Decimal Classification